00767pam a2200241 a 4500001000500000005001700005020001800022040002300040050001900063082000800082100001600090245006900106250004600175260003600221300005800257505000800315520008100323521002100404521002000425650001800445650001800463700004400481317220240215111831.0 a9780590436045 aDLCcDLCdDLCbeng00aPZ7.W187b198800a8131 aWard, Cindy10aCookie's week /cby Ward, Cindy ; illustrated by DePaola, Tomie aFirst Scholastic printing, September 1990 aNew York :bScholastic , c1988 a29 unnumbered pages : bcolor illustrations ;c19 cm. aF  aCookie the cat gets into a different kind of mischief every day of the week. a360 bLexile  aF bRaz-Plus  1aCatsvFiction 1aDaysvFiction1 aDePaola, Tomied1934-2020eillustrator